000 09990cam a2201957 a 4500
999 _c56560
001 7421905
003 LIBRIS
005 20210315084847.0
008 011211s1993 sw |||||||||||000 0|swe|
020 _a9155039138
_qINB.
_c370:00
035 _a(Mo)b1068194
040 _aNB
_ea
041 _aswe
082 0 4 _a746.4609485
_222/swe
084 _aIhc-c.47
_2kssb/6
084 _aIhc-c.5
_2kssb/6
084 _aIhc
_2kssb/6
084 _aIhc
_2kssb/6
084 _aIhc-c.47; Ihc-c.5
_2kssb/6
084 _aIhc-c.47
_2kssb/8
084 _aIhc-c.5
_2kssb/8
084 _aIh
_2kssb
084 _aI
084 _aIhc
_2kssb
100 1 _aWettre, Åsa,
_d1942-
_0https://libris.kb.se/khwz0mg32cd4zf2#it
245 0 0 _aGamla svenska lapptäcken /
_cÅsa Wettre ; foto: Lena Nessle.
264 1 _aStockholm :
_bTiden,
_c1993
264 3 _aItalien
300 _a190, [1] s.
_bill. (huvudsakligen i färg)
_c29 cm
340 _b29 cm
500 _5Mo
_asvenska
650 7 _aLapptäcken
_zSverige
_y1900-talet
_2sao
650 7 _aTextil konst
_zSverige
_y1900-talet
_2sao
653 _aKonsthantverk
653 _aKonsthistoria
653 _a1800-talet
653 _aSverige
653 _a1900-talet
700 1 _aNessle, Lena,
_d1939-2011
_4ill
_0https://libris.kb.se/rp356sr910pr79b#it
887 _a{"@id":"h0snmpct3sjzmhk","modified":"2019-06-12T17:28:40.231+02:00","checksum":"54828818294"}
_2librisxl
887 _a{"@id":"8dlm107f1vmwfjf","modified":"2009-06-12T12:54:14+02:00","checksum":"23869722151"}
_2librisxl
887 _a{"@id":"9fng3d1g0t5j7xx","modified":"2015-07-08T09:45:41+02:00","checksum":"51030580310"}
_2librisxl
887 _a{"@id":"sx38jhwz2zkxts9","modified":"2018-06-05T11:37:14.246+02:00","checksum":"51655713983"}
_2librisxl
887 _a{"@id":"chpmkq5j206mttq","modified":"2009-06-25T15:25:58+02:00","checksum":"31595192529"}
_2librisxl
887 _a{"@id":"tz49kjz055bg42d","modified":"2004-03-25T12:52:52+01:00","checksum":"50859967019"}
_2librisxl
887 _a{"@id":"v05blk013fkdqfj","modified":"2012-03-16T13:57:33+01:00","checksum":"51771762605"}
_2librisxl
887 _a{"@id":"7ckjk34d30nkv75","modified":"2008-08-19T13:37:32+02:00","checksum":"51121673430"}
_2librisxl
887 _a{"@id":"mrz3h2ns4c2mtgb","modified":"2017-04-26T09:55:48+02:00","checksum":"47170519758"}
_2librisxl
887 _a{"@id":"26dsbgl753f18hz","modified":"2012-04-03T09:41:07+02:00","checksum":"53970259040"}
_2librisxl
887 _a{"@id":"lqxv6dkr17zjvjb","modified":"2008-03-06T10:32:13+01:00","checksum":"33640383091"}
_2librisxl
887 _a{"@id":"049gqp453bd0bwp","modified":"2016-05-27T13:57:37+02:00","checksum":"49957693474"}
_2librisxl
887 _a{"@id":"15bhrq5605rlwt3","modified":"2019-09-21T14:11:39.305+02:00","checksum":"54108379787"}
_2librisxl
887 _a{"@id":"jnvq7r5p53159v5","modified":"2017-04-13T16:34:33+02:00","checksum":"53452200663"}
_2librisxl
887 _a{"@id":"qv16gftw2bqvfmd","modified":"2017-07-05T11:51:22+02:00","checksum":"43839618431"}
_2librisxl
887 _a{"@id":"26cjsr672wxnntf","modified":"2018-06-05T11:37:14.271+02:00","checksum":"50846454277"}
_2librisxl
887 _a{"@id":"lxtzk420jpl4srk9","modified":"2020-02-12T15:36:50.858+01:00","checksum":"46901983855"}
_2librisxl
887 _a{"@id":"6bhnxwbc0d4x7jp","modified":"2011-05-04T12:43:49+02:00","checksum":"38655635656"}
_2librisxl
887 _a{"@id":"z39g78t43b7lzg2","modified":"2014-02-25T10:56:26+01:00","checksum":"71529596822"}
_2librisxl
887 _a{"@id":"hmsmzfmn4xs5n84","modified":"2005-03-29T17:18:52+02:00","checksum":"26054269606"}
_2librisxl
887 _a{"@id":"7ckk1vcd26b1wrq","modified":"2009-02-23T15:30:06+01:00","checksum":"59950371606"}
_2librisxl
887 _a{"@id":"8dkq0zdf5vff777","modified":"2018-06-05T11:37:14.281+02:00","checksum":"53580494084"}
_2librisxl
887 _a{"@id":"9flr10fg27lw4pj","modified":"2018-06-05T11:37:14.285+02:00","checksum":"52758386917"}
_2librisxl
887 _a{"@id":"djqllkck0cfxgz9","modified":"2007-08-22T15:26:07+02:00","checksum":"49930515521"}
_2librisxl
887 _a{"@id":"w179d9x20z80xrg","modified":"2009-09-21T09:04:04+02:00","checksum":"30160068193"}
_2librisxl
887 _a{"@id":"bgms21gh0htbvqd","modified":"2018-06-05T11:37:14.287+02:00","checksum":"52271434851"}
_2librisxl
887 _a{"@id":"chnt32hj39d46p4","modified":"2018-06-05T11:37:14.29+02:00","checksum":"49678946428"}
_2librisxl
887 _a{"@id":"djpv43jk5pw6cdj","modified":"2018-06-05T11:37:14.292+02:00","checksum":"42457232632"}
_2librisxl
887 _a{"@id":"fkqw54kl2czg0xf","modified":"2018-06-05T11:37:14.295+02:00","checksum":"48047116654"}
_2librisxl
887 _a{"@id":"hmsz76mn2x11wlq","modified":"2018-06-05T11:37:14.297+02:00","checksum":"41251775327"}
_2librisxl
887 _a{"@id":"37fdks182sf9q3r","modified":"2017-02-20T14:55:49+01:00","checksum":"47106949782"}
_2librisxl
887 _a{"@id":"48hqngs92phqv30","modified":"2017-04-24T14:27:04+02:00","checksum":"55454168941"}
_2librisxl
887 _a{"@id":"rw308zpx4kg29tx","modified":"2007-07-05T13:52:01+02:00","checksum":"49309952438"}
_2librisxl
887 _a{"@id":"z39mzmw459dh39v","modified":"2011-12-06T13:55:31+01:00","checksum":"51666572802"}
_2librisxl
887 _a{"@id":"sx407dlz2drqmjc","modified":"2006-11-30T16:52:55+01:00","checksum":"54977128433"}
_2librisxl
887 _a{"@id":"jnt087np05vhlsj","modified":"2018-06-05T11:37:14.302+02:00","checksum":"47722463539"}
_2librisxl
887 _a{"@id":"w17b23625sdjz68","modified":"2013-07-31T12:49:42+02:00","checksum":"43303350074"}
_2librisxl
887 _a{"@id":"kpv198pq3bgpw3d","modified":"2018-06-05T11:37:14.304+02:00","checksum":"47067931743"}
_2librisxl
887 _a{"@id":"bgmgxphh57sz1r1","modified":"2011-04-07T15:38:05+02:00","checksum":"28604570463"}
_2librisxl
887 _a{"@id":"glrgwzkm12g8vk6","modified":"2002-04-25T12:01:23+02:00","checksum":"21783372830"}
_2librisxl
887 _a{"@id":"37d3n9r83mrx92g","modified":"2014-11-25T12:26:49+01:00","checksum":"21788620397"}
_2librisxl
942 _2z
_cBOOK
949 _5Ghdk
_64000008578
_aIhc WET
_s2144
_tYNNNN